Business to business
Marketingová komunikácia typu business to business. Zameranie reklamných aktivít typu business to business. Priamy marketing v komunikácii business to business. Komunikačná stratégia podniku Chemopetrol. Rozdiel medzi postupmi vo výskume typu business to business a takými, ktorých konečnými užívateľ...
Salvato in:
| Autore principale: | |
|---|---|
| Natura: | Capitolo di libro |
| Lingua: | ceco |
| Soggetti: | |
| Tags: |
Nessun Tag, puoi essere il primo ad aggiungerne!!
|
MARC
| LEADER | 00000naa a2200000 4500 | ||
|---|---|---|---|
| 001 | r027779 | ||
| 005 | 20230911122801.6 | ||
| 041 | 0 | |a cze | |
| 044 | |a CZ | ||
| 245 | 1 | 0 | |a Business to business |c L. Šíšová |
| 520 | |a Marketingová komunikácia typu business to business. Zameranie reklamných aktivít typu business to business. Priamy marketing v komunikácii business to business. Komunikačná stratégia podniku Chemopetrol. Rozdiel medzi postupmi vo výskume typu business to business a takými, ktorých konečnými užívateľmi služieb je podnik alebo inštitúcia. Český veľtrh Chemtec ako významná marketingová udalosť súčasnej chémie. | ||
| 610 | 2 | 0 | |a marketing |
| 610 | 2 | 0 | |a komunikácia |
| 610 | 2 | 0 | |a stratégia marketingová |
| 610 | 2 | 0 | |a Chemopetrol |
| 610 | 2 | 0 | |a veľtrhy |
| 610 | 2 | 0 | |a Chemtec |
| 610 | 2 | 0 | |a reklama |
| 610 | 2 | 0 | |a priemysel chemický |
| 100 | 1 | |a Šíšová, L. | |